00468nam a22001697a 450000500170000001000150001702000260003203500130005803700130007108200080008424500620009226000330015427000550018730000220024265000140026470000200027820100814121428.0 aENG-100252 a9788183822206c125.00 aEN-83784 bDBAD/PUB a921 aWorld's great personailties /ccompiled by Shalini Mathur aNew DelhibLotus Pressc2010 a4263/3, Ansari Road, Darya GanjbNew Delhie110002 a302p.c22cm (pbk) aBiography aMathur, Shalini